| 000 | 00409aam a2200169 4500 | ||
|---|---|---|---|
| 005 | 20170111140905.0 | ||
| 008 | 150727b xxu||||| |||| 00| 0 spa d | ||
| 041 | _aInglés | ||
| 082 | _a428 M128c | ||
| 100 |
_aMcCallum, George _936132 |
||
| 245 | _a101 word games | ||
| 260 |
_aInglaterra _bOxford _c2007 |
||
| 300 | _a162 páginas | ||
| 650 |
_aINGLÉS _92062 |
||
| 650 |
_a ENSEÑANZA _9236 |
||
| 942 | _cBK | ||
| 999 |
_c8716 _d8716 |
||